000 00442nam a2200145 a 4500
001 000028736
005 20200930055116.0
008 110411s1963 dr r 000 0 spa d
040 _aDO-SdBNP
_bspa
_cBNPHU
082 _axxxx
_bxxxx
110 1 _aRepública Dominicana
_9447
245 1 0 _aCorporación de fomento industrial de la República Dominicana /.
260 _a[Santo Domingo] :
_bEditora la Palabra,
_c1963.
300 _a12 P. ;
_c24 cm.
999 _c28228
_d28228